The races of Afghanistan : (Record no. 552477)

000 -LEADER
fixed length control field 00576cam a22001451 4500
082 ## - DEWEY DECIMAL CLASSIFICATION NUMBER
Classification number 305.89581
Author Mark BEL
100 1# - MAIN ENTRY--PERSONAL NAME
Personal name Bellew, H[enry] W[alter],
9 (RLIN) 49698
245 04 - TITLE STATEMENT
Title The races of Afghanistan :
Remainder of title being a brief account of the principal nations inhabiting that country /
Statement of responsibility, etc. by Surgeon-Major H.W. Bellew ...
260 ## - PUBLICATION, DISTRIBUTION, ETC.
Place of publication, distribution, etc. Calcutta :
Name of publisher, distributor, etc. Thacker, Spink, and co. ;
Place of publication, distribution, etc. London :
Name of publisher, distributor, etc. W. Thacker and co. [etc.],
Date of publication, distribution, etc. 1880.
300 ## - PHYSICAL DESCRIPTION
Extent 1 p.l., [5]-124 p. ;
Dimensions 23 cm.
526 ## - STUDY PROGRAM INFORMATION NOTE
Program name 0
Interest level 0
Reading level 0
Title point value 305_895810000000000_BEL
650 #0 - SUBJECT ADDED ENTRY--TOPICAL TERM
Topical term or geographic name entry element Ethnology
Geographic subdivision Afghanistan.
9 (RLIN) 4712
650 #0 - SUBJECT ADDED ENTRY--TOPICAL TERM
Topical term or geographic name entry element MCE
9 (RLIN) 379
942 ## - ADDED ENTRY ELEMENTS (KOHA)
Source of classification or shelving scheme
Koha item type Book
Holdings
Withdrawn status Lost status Source of classification or shelving scheme Damaged status Not for loan Permanent Location Current Location Shelving location Date acquired Total Checkouts Full call number Barcode Date last seen Price effective from Koha item type
          Military College of Engineering (MCE) Military College of Engineering (MCE)   01/16/2015   305.89581 BEL MCE-ECR/3 01/16/2015 01/16/2015 Book
© 2023 Central Library, National University of Sciences and Technology. All Rights Reserved.